Teach yourself visually(tm) excel 2007 / (Record no. 5206)
[ view plain ]
| 000 -LEADER | |
|---|---|
| fixed length control field | 00937nac a22002051u 4500 |
| 010 ## - LIBRARY OF CONGRESS CONTROL NUMBER | |
| LC control number | 2006934807 |
| 020 ## - INTERNATIONAL STANDARD BOOK NUMBER | |
| International Standard Book Number | 9780470045954 (pbk. : alk. paper) |
| 020 ## - INTERNATIONAL STANDARD BOOK NUMBER | |
| International Standard Book Number | 0470045957 (pbk. : alk. paper) |
| 082 ## - DEWEY DECIMAL CLASSIFICATION NUMBER | |
| Classification number | 005.54 |
| Item number | MUI. |
| 090 ## - LOCALLY ASSIGNED LC-TYPE CALL NUMBER (OCLC); LOCAL CALL NUMBER (OCLC) | |
| -- | 5206 |
| -- | 5206 |
| 100 ## - MAIN ENTRY--PERSONAL NAME | |
| Personal name | Muir, Nancy. |
| 245 10 - TITLE STATEMENT | |
| Title | Teach yourself visually(tm) excel 2007 / |
| Statement of responsibility, etc | Nancy Muir. |
| 260 ## - PUBLICATION, DISTRIBUTION, ETC. (IMPRINT) | |
| Place of publication, distribution, etc | Indianapolis, IN : |
| Name of publisher, distributor, etc | Wiley Pub., Inc,c.2006. |
| Date of publication, distribution, etc | c.2006. |
| 300 ## - PHYSICAL DESCRIPTION | |
| Extent | p. cm. |
| 856 41 - ELECTRONIC LOCATION AND ACCESS | |
| Materials specified | Table of contents only |
| Uniform Resource Identifier | <a href="http://www.loc.gov/catdir/enhancements/fy0741/2006934807-t.html">http://www.loc.gov/catdir/enhancements/fy0741/2006934807-t.html</a> |
| 856 41 - ELECTRONIC LOCATION AND ACCESS | |
| Materials specified | Publisher description |
| Uniform Resource Identifier | <a href="http://www.loc.gov/catdir/enhancements/fy0741/2006934807-d.html">http://www.loc.gov/catdir/enhancements/fy0741/2006934807-d.html</a> |
| 856 41 - ELECTRONIC LOCATION AND ACCESS | |
| Materials specified | Contributor biographical information |
| Uniform Resource Identifier | <a href="http://www.loc.gov/catdir/enhancements/fy0741/2006934807-b.html">http://www.loc.gov/catdir/enhancements/fy0741/2006934807-b.html</a> |
| 942 ## - ADDED ENTRY ELEMENTS (KOHA) | |
| Item type | Book - Borrowing |
| Call number prefix | 005.54MUI. |
| Withdrawn status | Item status | Damaged status | Not for loan | Home library | Current library | Shelving location | Date acquired | Source of acquisition | Total Checkouts | Full call number | Barcode | Date last seen | Date last borrowed | Koha item type |
|---|---|---|---|---|---|---|---|---|---|---|---|---|---|---|
| Central Library | Central Library | Lower Floor | 21/10/2007 | Purchase | 1 | 005.54MUI. | 000006460 | 15/07/2025 | 27/02/2011 | Book - Borrowing |